| 000 | 00537nam a2200169Ia 4500 | ||
|---|---|---|---|
| 999 |
_c62674 _d62674 |
||
| 003 | GCL | ||
| 005 | 20240530110601.0 | ||
| 008 | 140319s9999 xx 000 0 ara d | ||
| 040 |
_aGCL / _cGCL |
||
| 082 | 0 | 4 |
_221 _a915.303\ _bى م |
| 100 | 1 | _aيحيى الشامى | |
| 245 | 1 | 0 |
_aموسوعة المدن العربية والاسلامية / _cيحيى الشامى |
| 650 | 0 | 4 | _aالمدن الاسلامية |
| 650 | 0 | 4 | _aالمدن العربية |
| 650 | 0 | 4 | _aالعالم العربى - دوائر معارف |
| 942 |
_2ddc _cREF |
||